01222nam a2200301 a 450000100100000000500170001000800410002702000150006804000250008304100380010808200180014610000310016424000490019524500960024426000570034030000210039749000380041853400590045650400400051550000370055565000540059265000520064670000340069883000460073204900090077895201160078799900170090300002601620200930024230.0110217s1988 ag r 000 | spa d a9506940266 aDO-SdBNPbspacBNPHU aspaheng2Código de idioma MARC a327.73bW241t1 aWaltz, Kenneth N. ,952920 0aTheory of International Politics.lEspañol10aTeoría de la política internacional /cKenneth N. Waltz ; traducción Mirta Rosenberg. aBuenos Aires :bGrupo Editor Latinoamericano,c1988. a336 p. ;c25 cm.1 aEstudios Internacionalesv212.129 aTítulo original :tTheory of International Politics. aIncluye bibliografía : p. 323-336 aIncluye nota al pie de páginas 4aRelaciones internacionaleszEstados Unidos952921 4aPolítica internacionalxEstados unidos9529221 aRosenberg, Mirta,etr.949673 0aEstudios Internacionales,v212.129948515 aBNGR 001050718MOaGRbGRcCTd2011-02-25iLF1l0o327.73 W241tp26016-10r2020-06-25w2020-06-25y1ZNo se presta c25508d25508